Zborník referátov z odborných seminárov a vedeckej konferencie v rámci Týždňa otvorených dverí Bratislava, 21.6.-25.6.1999

Gespeichert in:
Bibliographische Detailangaben
Körperschaften: Týždeň otvorených dverí, Centrum ďalšieho vzdelávania Ekonomickej univerzity v Bratislave
Weitere Verfasser: Porvazník, Ján, Sladká, Jana
Format: Buch
Sprache:Slowakisch
Englisch
Veröffentlicht: Bratislava Centrum ďalšieho vzdelávania EU [1999]
Schlagworte:
Tags: Tag hinzufügen
Keine Tags, Fügen Sie das erste Tag hinzu!

MARC

LEADER 00000nam a2200000 4500
001 c117639
005 20240104091355.7
041 0 |a slo 
041 0 |a eng 
044 |a SK 
245 1 0 |a Zborník referátov z odborných seminárov a vedeckej konferencie v rámci Týždňa otvorených dverí  |b Bratislava, 21.6.-25.6.1999  |c kolektív autorov ; zostavovateľ: Ján Porvazník, Jana Sladká 
264 1 |a Bratislava  |b Centrum ďalšieho vzdelávania EU  |c [1999] 
300 |a 129 s. 
610 2 0 |a andragogika 
610 2 0 |a vzdelávanie 
610 2 0 |a vzdelávanie ďalšie 
610 2 0 |a vzdelávanie permanentné 
610 2 0 |a podnikatelia 
610 2 0 |a legislatíva 
610 2 0 |a plán podnikateľský 
610 2 0 |a poisťovne 
610 2 0 |a technológie informačné 
610 2 0 |a angličtina 
610 2 0 |a korešpondencia 
700 1 |a Porvazník, Ján 
700 1 |a Sladká, Jana 
110 2 |a Týždeň otvorených dverí 
710 2 |a Centrum ďalšieho vzdelávania Ekonomickej univerzity v Bratislave